<?xml version="1.0" encoding="UTF-8"?>
<marc:record xmlns:marc="http://www.loc.gov/MARC21/slim">
   <marc:leader>00000nam a2200000 a 4500</marc:leader>
   <marc:datafield ind1="1" ind2=" " tag="100">
      <marc:subfield code="a">Popadic, Slavko</marc:subfield>
   </marc:datafield>
   <marc:datafield ind1="1" ind2=" " tag="100">
      <marc:subfield code="a">Altan G., Sohel</marc:subfield>
   </marc:datafield>
   <marc:datafield ind1="1" ind2=" " tag="100">
      <marc:subfield code="a">Tezel, Aylin</marc:subfield>
   </marc:datafield>
   <marc:datafield ind1=" " ind2=" " tag="653">
      <marc:subfield code="a">Literaturverfilmung</marc:subfield>
   </marc:datafield>
   <marc:datafield ind1=" " ind2=" " tag="653">
      <marc:subfield code="a">Israel / Spielfilm</marc:subfield>
   </marc:datafield>
   <marc:datafield ind1=" " ind2=" " tag="653">
      <marc:subfield code="a">Judentum / Belletristische Darstellung</marc:subfield>
   </marc:datafield>
   <marc:datafield ind1=" " ind2=" " tag="653">
      <marc:subfield code="a">Aserbaidschan / Belletristik</marc:subfield>
   </marc:datafield>
   <marc:datafield ind1=" " ind2=" " tag="653">
      <marc:subfield code="a">Drama</marc:subfield>
   </marc:datafield>
   <marc:datafield ind1="0" ind2="0" tag="245">
      <marc:subfield code="a">Der Russe ist einer, der Birken liebt</marc:subfield>
   </marc:datafield>
   <marc:datafield ind1="0" ind2="0" tag="245">
      <marc:subfield code="b">nach dem gleichnamigen Roman von Olga Grjasnowa</marc:subfield>
   </marc:datafield>
   <marc:datafield ind1="0" ind2="0" tag="245">
      <marc:subfield code="c">nach dem Buch von Olga Grjasnowa ; Filmregisseur: Pola Beck ; Drehbuchautor: Burkhardt Wunderlich ; Schauspieler: Aylin Tezel, Sohel Altan Gol, Slavko Popadic [und andere]</marc:subfield>
   </marc:datafield>
   <marc:datafield ind1=" " ind2="1" tag="264">
      <marc:subfield code="a">München</marc:subfield>
      <marc:subfield code="b">Eurovideo Medien GmbH</marc:subfield>
      <marc:subfield code="c">2023</marc:subfield>
   </marc:datafield>
   <marc:datafield ind1="1" ind2=" " tag="520">
      <marc:subfield code="a">Die Geschichte einer eigenwilligen jungen Aserbaidschanerin mit jüdischen Wurzeln, die ihren kürzlich verstorbenen Freund nicht vergessen kann und weder in Frankfurt noch in Israel eine Heimat findet.&#xD;
&#xD;
Mascha (Aylin Tezel) ist wild und laut, kompromisslos und schlagfertig, doch im Grunde ihres Herzens orientierungslos. Die angehende Dolmetscherin ist Kosmopolitin, spricht fünf Sprachen fließend, nur über ihre eigene Geschichte, die Geflüchtete in ihr, spricht sie nie. Ihr Freundeskreis ist multikulturell, feiert ordentlich und kontert den allgegenwärtigen Alltagsrassismus mit böser Ironie. Mascha liebt ohne Rücksicht auf Verluste – ihre Sprachen, ihre Freunde und vor allem Elias. Gerade erst ist Mascha mit ihrem Freund zusammengezogen, als dieser durch eine zunächst harmlose Sportverletzung zum Pflegefall wird. Immer mehr gerät Maschas Leben aus den Fugen. Elias‘ unerwarteter Tod stürzt sie in eine Krise. Sie tritt die Flucht nach vorne an und setzt sich, mit nichts als ihrem Pass, in ein Flugzeug Richtung Israel. Dort tut sie das, was sie am besten kann: sie stürzt sich mit voller Wucht in ein neues Leben, findet eine neue Liebe und muss schließlich erkennen, dass man nicht für immer vor sich davonrennen kann.</marc:subfield>
   </marc:datafield>
   <marc:datafield ind1="3" ind2=" " tag="024">
      <marc:subfield code="a">4009750214763</marc:subfield>
   </marc:datafield>
   <marc:datafield ind1="1" ind2=" " tag="521">
      <marc:subfield code="a">FSK ab 12 freigegeben</marc:subfield>
   </marc:datafield>
   <marc:datafield ind1="1" ind2=" " tag="521">
      <marc:subfield code="a">12</marc:subfield>
   </marc:datafield>
   <marc:datafield ind1=" " ind2=" " tag="338">
      <marc:subfield code="a">DVD-Video</marc:subfield>
   </marc:datafield>
   <marc:datafield ind1=" " ind2=" " tag="300">
      <marc:subfield code="a">1 DVD-Video (105 min), farbig</marc:subfield>
   </marc:datafield>
</marc:record>
